Campeões do Brasileirão (jogadores) - Morte súbita - Statistics

Estatísticas Gerais
  • Esse quiz foi jogado 569 vezes
  • A pontuação média é 5 de 36
Answers on the Grid
Answers color-coded by a green-red scale on the quiz's grid according to % correct below.
Jardel
Paulo Nunes
Romário
Ronaldo
Ronaldinho
Dunga
Denilson
Vampeta
Borges
Lucas Lima
Hernane Brocador
Fagner
Luciano
Fernandão
Tinga
Rafael Sóbis
Dida
Gilberto Silva
Junior Baiano
Roque Junior
Josué
Amoroso
Djalminha
Rivaldo
Robinho
Vinicius Junior
Soteldo
Marinho
Rodinei
David Luiz
Fred
Conca
Marcelo Moreno
Craque Neto
Rincon
Liedson
Keno
Montillo
Deivid
Elano
Kleber Pereira
Bernard
Alecsandro
Diego Tardelli
Oséas
Zinho
Silvinho
Neymar
PH Ganso
Fabio
Sorin
Borja
Deyverson
Roberto Carlos
Romarinho
Paolo Guerrero
Everton Cebolinha
German Cano
Ralf
Valdivia
 
Estatísticas das Respostas
Resposta % Correto
Fred
35%
Deyverson
31%
Robinho
28%
Everton Cebolinha
27%
Fagner
27%
Romário
24%
Ralf
23%
Rodinei
22%
Craque Neto
20%
Fabio
20%
Keno
20%
Conca
19%
Borja
15%
Lucas Lima
15%
Marcelo Moreno
15%
Rafael Sóbis
15%
Dida
14%
Paulo Nunes
12%
Vampeta
12%
Borges
10%
Diego Tardelli
10%
Rincon
10%
Elano
9%
Josué
9%
Luciano
9%
Zinho
8%
Djalminha
7%
Liedson
7%
Deivid
6%
Rivaldo
6%
Roberto Carlos
6%
Tinga
6%
Alecsandro
4%
Junior Baiano
4%
Kleber Pereira
2%
Silvinho
1%
Nenhum quiz correspondente encontrado
Distribuição das Pontuações
Porcentagem de Pessoas com Cada Pontuação
Percentil de Números Respondidos
Sua Pontuação Histórica
Você não jogou esse quiz